000 00538cam a2200217 4500
001 2185443
005 20180222040009.0
008 720229s1972 mnu b 001 0 eng
010 _a 71181451
040 _aDLC
_cDLC
_dDLC
041 _aeng
043 _an-us---
080 _a342/.73/06 dav
082 0 0 _a342/.73/06 dav
100 1 _a14
101 _ajur
245 1 0 _aAdministrative law text.
504 _aIncludes bibliographical references.
906 _a7
_bcbc
_corignew
_d2
_encip
_f19
_gy-gencatlg
942 _2ddc
_cBK
999 _c43132
_d43132